| 000 | 00495nam a2200181Ia 4500 | ||
|---|---|---|---|
| 008 | 130318s9999 xx 000 0 und d | ||
| 020 | _a8178088908 | ||
| 082 | _a005.432L MAN/L | ||
| 100 | _aMann, Scott | ||
| 245 | _aLinux system security: An administrator's guide to open source security tools | ||
| 250 | _a2 | ||
| 260 |
_bPearson Education _aNew Delhi _c2003 |
||
| 300 | _a857 | ||
| 650 | _aCOMPUTER SECURITY | ||
| 650 | _aLINUX | ||
| 700 | _aKrell, Mitchell | ||
| 700 | _aMitchell, Ellen L | ||
| 999 |
_c640 _d640 |
||